| 000 | 00373 a2200169 4500 | ||
|---|---|---|---|
| 001 | 189331 | ||
| 020 | _a978-85-01-05925-3 | ||
| 040 | _cMagnum | ||
| 100 | _aZagury, Tania | ||
| 240 | 1 | 0 |
_aEducar sem culpa _lpor |
| 245 | 1 | 0 | _aEducar sem culpa |
| 300 | _a220 | ||
| 362 | 0 | _a2008 | |
| 440 | 1 | _aRecord | |
| 697 | _aEDUCAÇÃO EM GERAL E DISCIPLINAS AFINS | ||
| 942 | _cBK | ||
| 999 |
_c189331 _d189331 |
||